|
|
|
|
| LEADER |
00000nam a2200000 a 4500 |
| 001 |
vtls001473124 |
| 003 |
SK-MaSNL |
| 005 |
20260331085714.0 |
| 008 |
240509s2003 xo slo |
| 015 |
|
|
|a SNBA2004/09-05256
|
| 020 |
|
|
|a 8022515124
|
| 035 |
|
|
|a SNK000428426
|
| 035 |
|
|
|a urn:nbn:sk:snk-amygtw
|
| 035 |
|
|
|a urn:nbn:sk:snk-am00cjyv
|
| 035 |
|
|
|a 7556CD7D-6D2E-4D46-983D-BA6D633CA796
|
| 040 |
|
|
|a SNK
|b slo
|c SNK
|e AACR2
|
| 041 |
0 |
|
|a slo
|
| 044 |
|
|
|a xo
|c SK
|
| 072 |
|
7 |
|a 657
|2 konspekt
|
| 080 |
|
|
|a 657(075.8)
|2 1981
|
| 080 |
|
|
|a 657
|2 1981
|
| 080 |
|
|
|a (075.8)
|2 1981
|
| 100 |
1 |
|
|a Staríčková, Zuzana
|4 aut
|9 48781
|
| 245 |
1 |
0 |
|a Finančné účtovníctvo
|c Zuzana Staríčková
|
| 250 |
|
|
|a 1. vyd.
|
| 260 |
|
|
|a Bratislava
|b Ekonóm
|c 2003
|
| 300 |
|
|
|a 224 s.
|b tab.
|c 29 cm
|
| 366 |
|
|
|e 400 výtl.
|
| 650 |
0 |
7 |
|a účtovníctvo
|2 SNKPH
|9 649
|
| 655 |
|
7 |
|a Textbooks (higher)
|2 SNKPHeng
|9 276436
|
| 655 |
|
7 |
|a učebnice vysokých škôl
|2 SNKPH
|9 70191
|
| 919 |
|
|
|a 80-225-1512-4
|
| 954 |
|
|
|a odborná, vedecká literatúra pôvodná (slovenská)
|2 lita
|
| 958 |
|
|
|a OND
|
| 968 |
|
|
|d 65
|
| 999 |
|
|
|c 596704
|d 598634
|
| 952 |
|
|
|t P60, <03>, [BOOK], {603}
|a SNK
|b SNK
|y PREZ
|7 0
|p 17A0424766
|o snkSB 68422
|i snkKSP 5434/2004
|0 0
|1 0
|4 0
|d 2004-04-15
|f 1
|l 0
|r 2025-04-22 00:00:00
|w 2026-02-23
|
| 952 |
|
|
|t P60, <04>, [BOOK], {604}
|a SNK
|b SNK
|y VYP
|7 0
|p 17A0424765
|o snkSB 68422 D1
|i snkKSP 5435/2004
|0 0
|1 0
|4 0
|d 2004-04-15
|l 0
|r 2005-01-02 00:00:00
|w 2026-02-23
|